Impact of Auditor Tenure on Audit Quality: European Evidence

Analýza vzťahu medzi audítorom a kvalitou auditu v štyroch európskych krajinách, konkrétne v Nemecku, vo Francúzsku, v Taliansku a v Španielsku. Použitý model GMM (generalizované metódy momentov) za obdobie od roku 2005 do roku 2013.

Salvato in:
Dettagli Bibliografici
Autore principale: Kyriakou, Maria I.
Altri autori: Dimitras, Augustinos I.
Natura: Capitolo di libro
Lingua:inglese
Soggetti:
Tags: Aggiungi Tag
Nessun Tag, puoi essere il primo ad aggiungerne!!

MARC

LEADER 00000nla a2200000 4500
001 0242636
005 20220803161839.6
041 0 |a eng 
044 |a UA 
245 1 0 |a Impact of Auditor Tenure on Audit Quality: European Evidence  |c Maria I. Kyriakou, Augustinos I. Dimitras 
520 |a Analýza vzťahu medzi audítorom a kvalitou auditu v štyroch európskych krajinách, konkrétne v Nemecku, vo Francúzsku, v Taliansku a v Španielsku. Použitý model GMM (generalizované metódy momentov) za obdobie od roku 2005 do roku 2013. 
610 2 0 |a účtovníctvo 
610 2 0 |a audit 
610 2 0 |a audit finančný 
610 2 0 |a audit interný 
610 2 0 |a audítori 
610 2 0 |a audítorstvo 
610 2 0 |a Nemecko 
610 2 0 |a Španielsko 
610 2 0 |a Francúzsko 
610 2 0 |a Taliansko 
610 2 0 |a modely analytické ekonometrické 
100 1 |a Kyriakou, Maria I. 
700 1 |a Dimitras, Augustinos I.